[Event "Forcing Moves First Summer-2 op"]
[Site "Mississauga CAN"]
[Date "2023.08.26"]
[Round "1.7"]
[White "Lakhani, Riyaan"]
[Black "Banger, Sarataj"]
[Result "1-0"]
[WhiteElo "1877"]
[BlackElo "1578"]
[PlyCount "55"]
[EventDate "2023.08.26"]
[EventType "swiss"]
[EventRounds "5"]
[EventCountry "CAN"]

1. d4 d5 2. c4 c6 3. Nf3 Nf6 4. e3 e6 5. Nc3 Nbd7 6. Qc2 Bd6 7. Bd3 e5 8. cxd5
cxd5 9. e4 dxe4 10. Nxe4 Nxe4 11. Bxe4 h6 12. O-O O-O 13. Be3 exd4 14. Nxd4 Ne5
15. h3 Qh4 16. Nf5 Bxf5 17. Bxf5 g6 18. Qe4 Qe7 19. Bg4 f5 20. Qd5+ Kh7 21. Bd1
f4 22. Bd4 f3 23. Re1 Qg5 24. g3 Nf7 25. Bxf3 Bxg3 26. fxg3 Qxg3+ 27. Bg2 Ng5
28. Re7+ 1-0

[Event "Forcing Moves First Summer-2 op"]
[Site "Mississauga CAN"]
[Date "2023.08.26"]
[Round "1.8"]
[White "Fu, Odyssey"]
[Black "Aman, Sharma"]
[Result "0-1"]
[WhiteElo "1577"]
[BlackElo "1850"]
[PlyCount "118"]
[EventDate "2023.08.26"]
[EventType "swiss"]
[EventRounds "5"]
[EventCountry "CAN"]

1. e4 c5 2. Nf3 d6 3. d4 cxd4 4. Nxd4 Nf6 5. Nc3 a6 6. Be3 e5 7. Nb3 Be6 8. Qd2
Be7 9. f3 Nbd7 10. O-O-O O-O 11. g4 b5 12. h4 Nb6 13. Qf2 Nc4 14. Bxc4 bxc4 15.
Bb6 Qc8 16. Na5 Nd7 17. Nd5 Bxd5 18. Rxd5 Rb8 19. Ba7 Rb5 20. Rhd1 Qc7 21. Rxb5
axb5 22. b4 cxb3 23. Nxb3 Ra8 24. Be3 Rxa2 25. Kb1 Ra8 26. Rd5 b4 27. g5 Nc5
28. Bxc5 dxc5 29. Qh2 Bd6 30. Qd2 Ra6 31. Nxc5 Bxc5 32. Rd8+ Bf8 33. Qd5 Rd6
34. Rxd6 Qxd6 35. Qb5 Qd1+ 36. Kb2 Qxf3 37. Qxe5 Qa3+ 38. Kb1 b3 39. cxb3 Qxb3+
40. Ka1 Qa3+ 41. Kb1 Qb4+ 42. Ka2 Qd2+ 43. Kb3 Qd6 44. Qb5 Qg3+ 45. Kc2 Qxh4
46. Qe8 Qxg5 47. e5 h5 48. e6 Qf5+ 49. Kb2 Qxe6 50. Qa8 h4 51. Qh1 h3 52. Ka1
Qg4 53. Qc1 h2 54. Kb2 Qg2+ 55. Kb3 h1=Q 56. Qc3 Qd5+ 57. Kc2 Qa2+ 58. Kd3 Qf3+
59. Kd4 Qad5# 0-1

[Event "Forcing Moves First Summer-2 op"]
[Site "Mississauga CAN"]
[Date "2023.08.26"]
[Round "1.9"]
[White "Leung, Joseph"]
[Black "Cheng, Adam"]
[Result "1-0"]
[WhiteElo "1796"]
[BlackElo "1526"]
[PlyCount "31"]
[EventDate "2023.08.26"]
[EventType "swiss"]
[EventRounds "5"]
[EventCountry "CAN"]

1. e4 c5 2. Nf3 Nc6 3. Bb5 e5 4. O-O Bd6 5. Re1 a6 6. Bf1 Nge7 7. c3 b5 8. a4
Qa5 9. Na3 c4 10. axb5 axb5 11. Nc2 Qxa1 12. Nxa1 Rxa1 13. d3 Na5 14. dxc4 Bc7
15. cxb5 Bb7 16. b4 1-0

[Event "Forcing Moves First Summer-2 op"]
[Site "Mississauga CAN"]
[Date "2023.08.26"]
[Round "1.10"]
[White "Modith, Aaroh Mutyalapati"]
[Black "Deshpande, Sarthak"]
[Result "1-0"]
[WhiteElo "1517"]
[BlackElo "1788"]
[PlyCount "135"]
[EventDate "2023.08.26"]
[EventType "swiss"]
[EventRounds "5"]
[EventCountry "CAN"]

1. e4 c6 2. d4 d5 3. e5 Bf5 4. h4 h5 5. Bg5 Qb6 6. Bd3 Qxd4 7. Nf3 Qg4 8. Bxf5
Qxf5 9. Nc3 Qd7 10. Qd3 e6 11. O-O-O Be7 12. Qe3 Na6 13. Ne4 f6 14. Bf4 f5 15.
Nd6+ Bxd6 16. exd6 Nf6 17. Ne5 Ng4 18. Nxg4 hxg4 19. f3 gxf3 20. gxf3 b6 21.
Rde1 Kf7 22. h5 Nc5 23. Reg1 Rag8 24. h6 Qd8 25. h7 Re8 26. Qd4 g6 27. Be5 Nd7
28. Bxh8 Rxh8 29. Rh6 c5 30. Qc3 d4 31. Qa3 a5 32. f4 Nf8 33. Qf3 Qxd6 34. Qg3
e5 35. fxe5 Qe6 36. Qb3 Qxb3 37. axb3 Rxh7 38. Rgxg6 Rxh6 39. Rxh6 Ng6 40. e6+
Kg7 41. e7 Nxe7 42. Rxb6 f4 43. Kd2 f3 44. Ke1 Nd5 45. Rb5 Kf6 46. Kf2 Nb4 47.
Rxc5 d3 48. Kxf3 dxc2 49. Ke2 Ke6 50. Kd2 Kd6 51. Rxa5 Kc6 52. Kc1 Kb6 53. Ra4
Kb5 54. Rxb4+ Kxb4 55. Kxc2 Kc5 56. Kc3 Kd6 57. Kb4 Ke7 58. Kc5 Kf8 59. b4 Kg8
60. b5 Kh8 61. b6 Kg8 62. b7 Kh8 63. b8=Q+ Kh7 64. b4 Kg7 65. b5 Kf6 66. b6 Ke6
67. b7 Kd7 68. Qc8+ 1-0

[Event "Forcing Moves First Summer-2 op"]
[Site "Mississauga CAN"]
[Date "2023.08.26"]
[Round "1.11"]
[White "Tenkov, Arkadii"]
[Black "Dhingra, Tanishq Kumar"]
[Result "0-1"]
[WhiteElo "1746"]
[BlackElo "1506"]
[PlyCount "84"]
[EventDate "2023.08.26"]
[EventType "swiss"]
[EventRounds "5"]
[EventCountry "CAN"]

1. e4 e5 2. Nf3 Nf6 3. Nxe5 d6 4. Nf3 Nxe4 5. Nc3 Nxc3 6. dxc3 Be7 7. Bd3 O-O
8. h3 d5 9. O-O c5 10. Be3 Nc6 11. Re1 b6 12. Qd2 Bb7 13. Rad1 Qc7 14. Bf4 Bd6
15. Bxd6 Qxd6 16. a3 Ne7 17. Qe2 Rfe8 18. Bxh7+ Kxh7 19. Ng5+ Kg8 20. Qh5 Qg6
21. Qg4 Rad8 22. Re3 Nf5 23. Rf3 Nh6 24. Qf4 d4 25. Rg3 Qf5 26. Qd2 Qf6 27. c4
Qe5 28. Rf1 Nf5 29. Rg4 Bc8 30. Qd3 Qe2 31. Ne4 Qxd3 32. cxd3 Re6 33. Rg5 Ne7
34. f4 f5 35. Ng3 Rg6 36. Re1 Rxg5 37. fxg5 Ng6 38. Kf2 Kf7 39. Ne2 Re8 40. g3
Re3 41. Rd1 Bb7 42. h4 Ne5 0-1

[Event "Forcing Moves First Summer-2 op"]
[Site "Mississauga CAN"]
[Date "2023.08.26"]
[Round "1.12"]
[White "Guliyev, Nadir"]
[Black "Kola, Venkat Karthikeya"]
[Result "1/2-1/2"]
[WhiteElo "1494"]
[BlackElo "1737"]
[PlyCount "65"]
[EventDate "2023.08.26"]
[EventType "swiss"]
[EventRounds "5"]
[EventCountry "CAN"]

1. d4 Nf6 2. c4 g6 3. Nf3 Bg7 4. Nc3 d5 5. cxd5 Nxd5 6. e4 Nxc3 7. bxc3 e5 8.
Bb5+ Bd7 9. Bxd7+ Qxd7 10. O-O O-O 11. Be3 exd4 12. cxd4 Nc6 13. d5 Ne5 14.
Nxe5 Bxe5 15. Bd4 Bxd4 16. Qxd4 f5 17. e5 Rad8 18. Rfd1 f4 19. Rac1 f3 20. d6
Rc8 21. e6 Qxd6 22. Qxd6 cxd6 23. gxf3 Rxc1 24. Rxc1 Re8 25. Rc7 Rxe6 26. Rxb7
a5 27. Rb5 Re5 28. a4 Kg7 29. Rb7+ Kh6 30. Kg2 g5 31. Rb6 Rd5 32. Rb5 Re5 33.
Rb6 1/2-1/2

[Event "Forcing Moves First Summer-2 op"]
[Site "Mississauga CAN"]
[Date "2023.08.26"]
[Round "2.1"]
[White "Leliveld, Andrew"]
[Black "Ruchinskaya, Valerie"]
[Result "0-1"]
[WhiteElo "1658"]
[BlackElo "2167"]
[PlyCount "38"]
[EventDate "2023.08.26"]
[EventType "swiss"]
[EventRounds "5"]
[EventCountry "CAN"]

1. b4 d5 2. Bb2 Nf6 3. e3 g6 4. c4 e6 5. h4 h5 6. a3 Bg7 7. Nf3 Nbd7 8. c5 c6
9. Be2 b6 10. Qc2 O-O 11. Ne5 Nxe5 12. Bxe5 bxc5 13. bxc5 Nd7 14. Bxg7 Kxg7 15.
d4 e5 16. g3 Qf6 17. Qc3 Re8 18. Nd2 exd4 19. exd4 Ba6 0-1

[Event "Forcing Moves First Summer-2 op"]
[Site "Mississauga CAN"]
[Date "2023.08.26"]
[Round "2.2"]
[White "Nicholson, Devin"]
[Black "Kim, Noah"]
[Result "1/2-1/2"]
[WhiteElo "1655"]
[BlackElo "2103"]
[PlyCount "50"]
[EventDate "2023.08.26"]
[EventType "swiss"]
[EventRounds "5"]
[EventCountry "CAN"]

1. e4 c6 2. d4 d5 3. e5 Bf5 4. Nf3 e6 5. Be2 Ne7 6. O-O c5 7. dxc5 Nec6 8. Be3
Nd7 9. c4 dxc4 10. Na3 Bxc5 11. Nxc4 O-O 12. Bxc5 Nxc5 13. Nd6 Qe7 14. Rc1 Ne4
15. Nd4 Nxe5 16. N4xf5 exf5 17. Nxf5 Qe6 18. Ne3 Rfd8 19. Qa4 Nc6 20. Rfd1 Qe5
21. Qb5 Qf4 22. Qf5 Qxf5 23. Nxf5 g6 24. Ne3 Nd4 25. Kf1 Nxe2 1/2-1/2

[Event "Forcing Moves First Summer-2 op"]
[Site "Mississauga CAN"]
[Date "2023.08.26"]
[Round "2.3"]
[White "Dhingra, Tanishq Kumar"]
[Black "Lakhani, Riyaan"]
[Result "0-1"]
[WhiteElo "1506"]
[BlackElo "1877"]
[PlyCount "108"]
[EventDate "2023.08.26"]
[EventType "swiss"]
[EventRounds "5"]
[EventCountry "CAN"]

1. Nf3 g6 2. g3 Bg7 3. Bg2 d6 4. d3 Nc6 5. Nbd2 e5 6. e4 f5 7. b3 Nf6 8. Bb2
O-O 9. O-O fxe4 10. dxe4 Bh6 11. Qe2 Bg4 12. h3 Be6 13. Rad1 Qd7 14. g4 Bf4 15.
Nc4 Qg7 16. Ne3 Nxe4 17. Nxe5 Bxe5 18. Bxe5 Qxe5 19. Nc4 Nc3 20. Qxe5 dxe5 21.
Rd3 Ne2+ 22. Kh2 Nf4 23. Rc3 Nxg2 24. Kxg2 Bxc4 25. Rxc4 Rad8 26. a4 Rd2 27. b4
Rf4 28. Rxf4 exf4 29. b5 Nb4 30. c3 Nd5 31. Rc1 Nb6 32. a5 Nc4 33. Kf3 Nxa5 34.
Ra1 b6 35. Kxf4 Rxf2+ 36. Kg3 Rd2 37. Ra3 Rd5 38. c4 Rc5 39. Rd3 Nxc4 40. Rd8+
Kg7 41. Rd7+ Kh6 42. h4 g5 43. Re7 gxh4+ 44. Kxh4 Nd6 45. Re6+ Kg7 46. Re7+ Kg8
47. Rd7 Nxb5 48. g5 Nd6 49. Kh5 Nf7 50. Rxf7 Kxf7 51. Kh6 Rc6+ 52. Kxh7 Rg6 53.
Kh8 Rxg5 54. Kh7 Rh5# 0-1

[Event "Forcing Moves First Summer-2 op"]
[Site "Mississauga CAN"]
[Date "2023.08.26"]
[Round "2.4"]
[White "Aman, Sharma"]
[Black "Lin, Yu-Liang"]
[Result "1-0"]
[WhiteElo "1850"]
[BlackElo "1594"]
[PlyCount "119"]
[EventDate "2023.08.26"]
[EventType "swiss"]
[EventRounds "5"]
[EventCountry "CAN"]

1. e4 c5 2. Nf3 Nc6 3. d4 cxd4 4. Nxd4 Nf6 5. Nc3 e6 6. Ndb5 d6 7. Bf4 e5 8.
Bg5 a6 9. Na3 b5 10. Nd5 Be7 11. Bxf6 Bxf6 12. c4 b4 13. Nc2 a5 14. g3 O-O 15.
Bg2 Bb7 16. O-O Rc8 17. Qd3 Nb8 18. Nde3 Na6 19. Nf5 Nc5 20. Qe3 Bg5 21. f4 Bf6
22. Rad1 Rc6 23. fxe5 Bxe5 24. Ncd4 Ra6 25. Nb5 Na4 26. b3 Nc3 27. Nxc3 bxc3
28. Nd4 Qb6 29. Qxc3 a4 30. b4 Rc8 31. Kh1 Qc7 32. b5 Raa8 33. Rc1 Qc5 34. Rfd1
g6 35. Qd3 Rc7 36. Nf3 Rac8 37. Rc2 Kg7 38. Nxe5 dxe5 39. Qf3 Qe7 40. Qe2 Qc5
41. h4 h5 42. Kh2 Qe7 43. Bf1 Qc5 44. Qd3 Qe7 45. Bh3 Re8 46. b6 Rc5 47. Qe3
Bc6 48. b7 Rb8 49. Bc8 Qf8 50. Rb1 Qe7 51. Rb6 Bxb7 52. Rxb7 Rxb7 53. Bxb7 Qxb7
54. Qxc5 Qxe4 55. Qf2 f5 56. c5 f4 57. gxf4 exf4 58. c6 f3 59. c7 Qe5+ 60. Qg3
1-0

[Event "Forcing Moves First Summer-2 op"]
[Site "Mississauga CAN"]
[Date "2023.08.26"]
[Round "2.5"]
[White "Verde, Pino"]
[Black "Leung, Joseph"]
[Result "0-1"]
[WhiteElo "1487"]
[BlackElo "1796"]
[PlyCount "90"]
[EventDate "2023.08.26"]
[EventType "swiss"]
[EventRounds "5"]
[EventCountry "CAN"]

1. Nf3 d5 2. g3 Nf6 3. Bg2 g6 4. d3 Bg7 5. c3 O-O 6. O-O Re8 7. Nbd2 b6 8. e4
Ba6 9. Ne1 e6 10. e5 Nfd7 11. f4 Nc6 12. Qa4 Bb7 13. d4 a5 14. Rf2 Ne7 15. g4
c5 16. Ndf3 Rc8 17. Be3 f5 18. Ng5 Rc6 19. dxc5 h6 20. Ngf3 bxc5 21. g5 h5 22.
Nd3 Nc8 23. b4 axb4 24. cxb4 Ra6 25. Qb5 Rb6 26. Qa5 d4 27. Bd2 c4 28. Nc5 Nxc5
29. bxc5 Rb2 30. Qxd8 Rxd8 31. Ba5 Rxf2 32. Kxf2 Rd7 33. Rd1 Bf8 34. Bb4 Na7
35. Rxd4 Bd5 36. Nd2 Nc6 37. Nxc4 Nxd4 38. Nd6 Bxg2 39. Kxg2 Bxd6 40. exd6 Nc6
41. a3 Kf8 42. Bc3 Ra7 43. Bb4 Ke8 44. Kf2 Nxb4 45. axb4 Rb7 0-1

[Event "Forcing Moves First Summer-2 op"]
[Site "Mississauga CAN"]
[Date "2023.08.26"]
[Round "2.6"]
[White "Wang, Derek"]
[Black "Modith, Aaroh Mutyalapati"]
[Result "1-0"]
[WhiteElo "2117"]
[BlackElo "1517"]
[PlyCount "73"]
[EventDate "2023.08.26"]
[EventType "swiss"]
[EventRounds "5"]
[EventCountry "CAN"]

1. Nf3 d5 2. c4 c6 3. d4 Nf6 4. Nc3 dxc4 5. a4 Bf5 6. e3 e6 7. Bxc4 Bb4 8. O-O
O-O 9. Qe2 Bg6 10. Ne5 Nbd7 11. Nxg6 hxg6 12. Bb3 c5 13. Rd1 cxd4 14. exd4 Rc8
15. Ne4 Qb6 16. Ng5 Rfe8 17. Qf3 Qc6 18. Qh3 Qd6 19. Be3 Nb6 20. Rf1 Nbd5 21.
Rad1 Nh5 22. Qf3 Nhf6 23. Qh3 Nh5 24. Qh4 Qd8 25. Bxd5 Qxd5 26. g4 Nf6 27. Bf4
Bd6 28. Bxd6 Qxd6 29. Qh8+ Kxh8 30. Nxf7+ Kg8 31. Nxd6 Nxg4 32. Nxe8 Rxe8 33.
Rc1 Re7 34. Rc8+ Kf7 35. Rfc1 e5 36. d5 Nf6 37. Rd8 1-0

[Event "Forcing Moves First Summer-2 op"]
[Site "Mississauga CAN"]
[Date "2023.08.26"]
[Round "2.7"]
[White "Kola, Venkat Karthikeya"]
[Black "Liu, Zeyu"]
[Result "1-0"]
[WhiteElo "1737"]
[BlackElo "1495"]
[PlyCount "71"]
[EventDate "2023.08.26"]
[EventType "swiss"]
[EventRounds "5"]
[EventCountry "CAN"]

1. e4 c5 2. d4 cxd4 3. c3 dxc3 4. Nxc3 a6 5. Bc4 e6 6. a4 Bc5 7. Nf3 Nf6 8. e5
Ng4 9. Ne4 Qb6 10. Qe2 Nc6 11. Bf4 Bb4+ 12. Kf1 Ngxe5 13. Bxe5 Nxe5 14. Nxe5 d5
15. Qh5 Qc7 16. Rc1 O-O 17. Ng5 h6 18. Nh7 b5 19. Nxf8 Kxf8 20. Ke2 dxc4 21.
Rhd1 Ke8 22. Kf1 Rb8 23. Rd7 Bxd7 24. Qxf7+ Kd8 25. Rd1 Bd6 26. Qg8+ Ke7 27.
Qxg7+ Kd8 28. Rxd6 Qxd6 29. Nf7+ Kc7 30. Nxd6 Kxd6 31. Qg3+ e5 32. a5 Bc6 33.
Qg6+ Kc5 34. Qxh6 Rd8 35. Qe3+ Kb4 36. Qa3# 1-0

[Event "Forcing Moves First Summer-2 op"]
[Site "Mississauga CAN"]
[Date "2023.08.26"]
[Round "2.8"]
[White "Suresh, Pavan"]
[Black "Engel, Ethan"]
[Result "1/2-1/2"]
[WhiteElo "1486"]
[BlackElo "1696"]
[PlyCount "45"]
[EventDate "2023.08.26"]
[EventType "swiss"]
[EventRounds "5"]
[EventCountry "CAN"]

1. d4 Nf6 2. Bf4 d5 3. Nf3 e6 4. e3 Bd6 5. Bg3 O-O 6. Nbd2 b6 7. Bd3 Bb7 8. c3
c5 9. O-O Bxg3 10. hxg3 Nbd7 11. Qe2 Ne4 12. Bxe4 dxe4 13. Nh2 Qc8 14. Rfc1 Ba6
15. c4 f5 16. Qd1 cxd4 17. exd4 e5 18. d5 Nc5 19. Rc2 Nd3 20. a3 Rf6 21. b4 Rh6
22. Qe2 Qd8 23. Nxe4 1/2-1/2

[Event "Forcing Moves First Summer-2 op"]
[Site "Mississauga CAN"]
[Date "2023.08.26"]
[Round "2.9"]
[White "Trofimov-Malyshkin, Valentyn"]
[Black "Guliyev, Nadir"]
[Result "1-0"]
[WhiteElo "2006"]
[BlackElo "1494"]
[PlyCount "69"]
[EventDate "2023.08.26"]
[EventType "swiss"]
[EventRounds "5"]
[EventCountry "CAN"]

1. d4 Nf6 2. Nf3 e6 3. e3 c5 4. Bd3 d5 5. b3 Nc6 6. O-O Bd6 7. Bb2 cxd4 8. exd4
O-O 9. a3 Qc7 10. Re1 Be7 11. Ne5 Nxe5 12. dxe5 Nd7 13. Re3 g6 14. b4 a5 15.
Qg4 axb4 16. axb4 Rxa1 17. Bxa1 Nb6 18. Nd2 Bd7 19. h4 Ra8 20. Bd4 Bxb4 21. Nf1
h5 22. Qg5 Be8 23. Rg3 Kf8 24. Qf4 Kg7 25. Qf6+ Kg8 26. Bxg6 fxg6 27. Qxe6+ Kh7
28. Qxb6 Qxb6 29. Bxb6 Ra1 30. Rb3 Bb5 31. Rxb4 Rxf1+ 32. Kh2 Bc4 33. e6 Kg7
34. Bd4+ Kf8 35. Rxb7 1-0

[Event "Forcing Moves First Summer-2 op"]
[Site "Mississauga CAN"]
[Date "2023.08.26"]
[Round "2.10"]
[White "Zheng, Chen Ji"]
[Black "Tan, Brendan"]
[Result "0-1"]
[WhiteElo "1926"]
[BlackElo "1694"]
[PlyCount "50"]
[EventDate "2023.08.26"]
[EventType "swiss"]
[EventRounds "5"]
[EventCountry "CAN"]

1. e4 d6 2. d4 Nf6 3. Nc3 g6 4. f4 Bg7 5. e5 Nfd7 6. Nf3 c5 7. exd6 O-O 8. d5
exd6 9. Be2 Na6 10. O-O f5 11. Be3 Nc7 12. Rb1 Nb6 13. Bf2 h6 14. Qd2 Bd7 15.
Bh4 Qe8 16. Rfe1 Qf7 17. b3 Rfe8 18. Na4 Bxa4 19. bxa4 Ncxd5 20. a5 Bc3 21. Qc1
Bxe1 22. Bxe1 Rxe2 23. axb6 axb6 24. c4 Ne3 25. Bf2 Nxc4 0-1

[Event "Forcing Moves First Summer-2 op"]
[Site "Mississauga CAN"]
[Date "2023.08.26"]
[Round "2.11"]
[White "Deshpande, Sarthak"]
[Black "Banger, Sarataj"]
[Result "1/2-1/2"]
[WhiteElo "1788"]
[BlackElo "1578"]
[PlyCount "141"]
[EventDate "2023.08.26"]
[EventType "swiss"]
[EventRounds "5"]
[EventCountry "CAN"]

1. d4 d5 2. c4 c6 3. Nf3 Nf6 4. Qc2 e6 5. Nbd2 Nbd7 6. g3 Bd6 7. Bg2 O-O 8. O-O
Qe7 9. e4 dxe4 10. Nxe4 Nxe4 11. Qxe4 h6 12. Re1 Nf6 13. Qc2 Bb4 14. Bd2 Bxd2
15. Nxd2 Qd8 16. Nb3 Re8 17. Rad1 Qc7 18. Qc3 b6 19. c5 Nd5 20. Qc1 Bb7 21. Nd2
e5 22. cxb6 Nxb6 23. Ne4 Nd7 24. d5 Rac8 25. dxc6 Qxc6 26. Qxc6 Bxc6 27. Nd6
Bxg2 28. Kxg2 Nb6 29. Nxe8 Rxe8 30. Rc1 Re7 31. b3 f6 32. Rc5 Rd7 33. Re2 Nd5
34. a3 Ne7 35. Rec2 Nf5 36. Rc7 Rd3 37. R7c3 Rd7 38. Rc7 Rd3 39. Rxa7 Rxb3 40.
a4 e4 41. Re2 e3 42. g4 Nh4+ 43. Kg3 exf2+ 44. Kxf2 Ng6 45. a5 Ra3 46. Re3 Ra2+
47. Kg3 Ne5 48. a6 Ra4 49. h3 Kh7 50. Rc3 Nc4 51. Rb3 Nd6 52. Rb6 Nc8 53. Rbb7
Nxa7 54. Rxa7 Kg6 55. Kf3 f5 56. gxf5+ Kxf5 57. Ra8 Ra3+ 58. Kg2 Kg6 59. a7 Kh5
60. Kf2 Kh4 61. Kg2 Ra2+ 62. Kf3 Kxh3 63. Kf4 Kh4 64. Kf3 g5 65. Ke4 g4 66. Kf4
g3 67. Kf3 g2 68. Rg8 Rxa7 69. Kxg2 Ra4 70. Kh2 Ra2+ 71. Rg2 1/2-1/2

[Event "Forcing Moves First Summer-2 op"]
[Site "Mississauga CAN"]
[Date "2023.08.26"]
[Round "2.12"]
[White "Cheng, Adam"]
[Black "Tenkov, Arkadii"]
[Result "0-1"]
[WhiteElo "1526"]
[BlackElo "1746"]
[PlyCount "108"]
[EventDate "2023.08.26"]
[EventType "swiss"]
[EventRounds "5"]
[EventCountry "CAN"]

1. e4 c6 2. Nf3 d5 3. Nc3 dxe4 4. Nxe4 Nf6 5. Qe2 Nxe4 6. Qxe4 Be6 7. Bc4 Bxc4
8. Qxc4 e6 9. d4 Be7 10. Be3 Nd7 11. O-O O-O 12. Rfe1 Nf6 13. Qb3 Qb6 14. c3
Nd5 15. Ne5 Qc7 16. Rac1 Nxe3 17. fxe3 Bd6 18. Nf3 e5 19. Nxe5 Bxe5 20. dxe5
Rae8 21. Rc2 Rxe5 22. Rd2 Rfe8 23. Red1 R5e7 24. c4 h6 25. Rd3 c5 26. Qc3 b6
27. b3 h5 28. Kh1 h4 29. Qd2 Qe5 30. Re1 Qe4 31. h3 Qf5 32. Rd8 Qe6 33. Rxe8+
Rxe8 34. Qd5 g6 35. Kg1 Qe7 36. Qf3 Rd8 37. Kf2 Rd6 38. Qg4 Re6 39. Re2 Kg7 40.
Re1 Re4 41. Qf3 Re5 42. Kg1 Qd7 43. Qe2 Re6 44. Rd1 Qe7 45. Re1 Qf6 46. Rf1 Qe5
47. Re1 Qc3 48. Qf2 g5 49. Kh1 f6 50. Qe2 Rd6 51. Rf1 Rd3 52. Rf3 Rd2 53. Qf1
Rxa2 54. Rxf6 Qxf6 0-1

[Event "Forcing Moves First Summer-2 op"]
[Site "Mississauga CAN"]
[Date "2023.08.26"]
[Round "2.13"]
[White "Kahan, Desai"]
[Black "Fu, Odyssey"]
[Result "1-0"]
[WhiteElo "1723"]
[BlackElo "1577"]
[PlyCount "81"]
[EventDate "2023.08.26"]
[EventType "swiss"]
[EventRounds "5"]
[EventCountry "CAN"]

1. e4 c5 2. Nf3 d6 3. g3 Nf6 4. d3 Nc6 5. Bg2 g6 6. O-O Bg7 7. Re1 Bg4 8. h3
Bxf3 9. Qxf3 Qd7 10. a4 h5 11. Nd2 O-O 12. Nc4 Qe6 13. Bf4 Nd7 14. a5 Nde5 15.
Nxe5 Nxe5 16. Qd1 Nc6 17. c3 Qd7 18. Qd2 a6 19. Bh6 Qc7 20. Bxg7 Kxg7 21. b4
cxb4 22. cxb4 e5 23. Rac1 Qd7 24. Rc4 Nd4 25. f4 Rac8 26. f5 Qe7 27. Rf1 f6 28.
Rxd4 exd4 29. fxg6 Qe5 30. Qe1 Qg5 31. Rf4 Rc3 32. h4 Qxg6 33. Bf1 Rfc8 34. g4
Rc1 35. Qf2 Rb1 36. Qxd4 Rf8 37. g5 Kh7 38. Qxd6 Rf7 39. Qd5 Rxb4 40. Bh3 Rb1+
41. Kf2 1-0

[Event "Forcing Moves First Summer-2 op"]
[Site "Mississauga CAN"]
[Date "2023.08.26"]
[Round "3.1"]
[White "Ruchinskaya, Valerie"]
[Black "Aman, Sharma"]
[Result "1-0"]
[WhiteElo "2167"]
[BlackElo "1850"]
[PlyCount "131"]
[EventDate "2023.08.26"]
[EventType "swiss"]
[EventRounds "5"]
[EventCountry "CAN"]

1. d4 Nf6 2. c4 e6 3. Nc3 Bb4 4. f3 d5 5. a3 Bxc3+ 6. bxc3 c5 7. cxd5 exd5 8.
e3 Nc6 9. Bd3 O-O 10. Ne2 Re8 11. O-O b6 12. Ng3 Be6 13. Bb2 Qd7 14. Qd2 Rad8
15. Rad1 Qc7 16. e4 cxd4 17. cxd4 dxe4 18. fxe4 Nxd4 19. Bxd4 Rxd4 20. e5 Rxd3
21. Qxd3 Qxe5 22. Rfe1 Qc5+ 23. Qe3 Qxe3+ 24. Rxe3 g6 25. Rc3 Nd5 26. Rcd3 Nf6
27. Rd8 Kf8 28. Ne2 Bd5 29. Rxe8+ Kxe8 30. Nc3 Bc4 31. Rd4 b5 32. Rd6 Nd7 33.
Ra6 b4 34. Ra4 a5 35. axb4 axb4 36. Rxb4 Be6 37. Rb7 Ke7 38. Nb5 Bd5 39. Ra7
Bc6 40. Nd4 Bd5 41. Kf2 h6 42. Nf3 Ke6 43. Ra6+ Ke7 44. Ra7 Ke6 45. Ke3 Kd6 46.
g3 Ke6 47. Nd4+ Ke7 48. Kf4 Bc4 49. Nc6+ Kd6 50. Rxd7+ Kxc6 51. Rd2 f6 52. Rd8
Be6 53. Rf8 Kd5 54. Rxf6 g5+ 55. Kf3 h5 56. Rg6 g4+ 57. Kf4 Bc8 58. Rg5+ Ke6
59. Rxh5 Kf6 60. Rh4 Bf5 61. Rxg4 Be6 62. Rg5 Bd7 63. h4 Be6 64. h5 Bf7 65. g4
Be6 66. h6 1-0

[Event "Forcing Moves First Summer-2 op"]
[Site "Mississauga CAN"]
[Date "2023.08.26"]
[Round "3.2"]
[White "Lakhani, Riyaan"]
[Black "Kola, Venkat Karthikeya"]
[Result "1-0"]
[WhiteElo "1877"]
[BlackElo "1737"]
[PlyCount "105"]
[EventDate "2023.08.26"]
[EventType "swiss"]
[EventRounds "5"]
[EventCountry "CAN"]

1. d4 Nf6 2. c4 g6 3. f3 d5 4. cxd5 Nxd5 5. e4 Nb6 6. Nc3 Bg7 7. Be3 O-O 8. Qd2
e5 9. d5 f5 10. O-O-O fxe4 11. fxe4 Bg4 12. Re1 c6 13. h3 Bd7 14. Kb1 cxd5 15.
Nxd5 Bc6 16. Bxb6 axb6 17. Bc4 Kh8 18. Nf3 b5 19. Bb3 Nd7 20. Qe3 Qa5 21. h4
Bxd5 22. Bxd5 Nf6 23. Bb3 b4 24. Ng5 Bh6 25. Qe2 Bxg5 26. hxg5 Nh5 27. Rxh5
gxh5 28. Qxh5 Qc7 29. g6 Qg7 30. Rh1 h6 31. Bf7 b3 32. axb3 Ra6 33. Qg5 Rxf7
34. Rxh6+ Kg8 35. gxf7+ Kxf7 36. Qxg7+ Kxg7 37. Rxa6 bxa6 38. Kc2 Kf6 39. Kd3
Kg5 40. Kc4 a5 41. Kd5 Kf4 42. g3+ Kxg3 43. Kxe5 Kf3 44. Kd5 Ke3 45. e5 Kd3 46.
e6 Kc2 47. Kc4 Kxb2 48. e7 Ka3 49. e8=Q Kb2 50. Qa4 Kc2 51. Qa2+ Kc1 52. Kc3 a4
53. Qc2# 1-0

[Event "Forcing Moves First Summer-2 op"]
[Site "Mississauga CAN"]
[Date "2023.08.26"]
[Round "3.3"]
[White "Kim, Noah"]
[Black "Wang, Derek"]
[Result "1-0"]
[WhiteElo "2103"]
[BlackElo "2117"]
[PlyCount "85"]
[EventDate "2023.08.26"]
[EventType "swiss"]
[EventRounds "5"]
[EventCountry "CAN"]

1. a3 d5 2. Nf3 c5 3. e3 Nf6 4. d4 e6 5. dxc5 Bxc5 6. b4 Bd6 7. Bb2 O-O 8. c4
b6 9. Nc3 dxc4 10. Bxc4 a6 11. O-O Bb7 12. Qe2 Qc7 13. h3 Nbd7 14. Bb3 Rac8 15.
Rac1 Qb8 16. e4 Rfd8 17. Rfe1 Ne5 18. Nd4 Be7 19. Nxe6 fxe6 20. Bxe6+ Kh8 21.
Bxc8 Rxc8 22. Nd5 Rxc1 23. Bxc1 Nxd5 24. exd5 Ng6 25. h4 Bf8 26. h5 Ne7 27. h6
Ng8 28. Bb2 Nxh6 29. Qe8 Qf4 30. Bc1 Qf5 31. Re5 Qf6 32. Bg5 Qd6 33. Bxh6 gxh6
34. Rf5 Bxd5 35. Qxf8+ Qxf8 36. Rxf8+ Kg7 37. Rb8 b5 38. Rb6 h5 39. Rxa6 Bc4
40. Rb6 Be2 41. f3 h4 42. Kh2 h6 43. f4 1-0

[Event "Forcing Moves First Summer-2 op"]
[Site "Mississauga CAN"]
[Date "2023.08.26"]
[Round "3.4"]
[White "Tenkov, Arkadii"]
[Black "Nicholson, Devin"]
[Result "0-1"]
[WhiteElo "1746"]
[BlackElo "1655"]
[PlyCount "98"]
[EventDate "2023.08.26"]
[EventType "swiss"]
[EventRounds "5"]
[EventCountry "CAN"]

1. e4 e5 2. Nf3 Nc6 3. Bb5 a6 4. Ba4 Nf6 5. O-O b5 6. Bb3 Be7 7. Re1 d6 8. c3
Na5 9. Bc2 c5 10. h3 Nc6 11. d3 O-O 12. Nbd2 h6 13. Nf1 Re8 14. Ng3 Bf8 15. Qe2
Be6 16. Be3 d5 17. Rad1 d4 18. Bc1 Bxa2 19. cxd4 cxd4 20. Bd2 Be6 21. Rc1 Qd7
22. Ra1 a5 23. Nh4 Nb4 24. Bxb4 Bxb4 25. Rf1 Rec8 26. Rfc1 g6 27. Nf3 Qd6 28.
Qd1 a4 29. Ne2 Nd7 30. b3 a3 31. Ra2 Rc7 32. Nh2 Rac8 33. Kh1 Nc5 34. Rb1 Na6
35. Ng4 h5 36. Nh2 Bc3 37. Nxc3 Rxc3 38. Nf3 Nb4 39. Rba1 Nxa2 40. Rxa2 Bxb3
41. Bxb3 Rc1 42. Qxc1 Rxc1+ 43. Kh2 Qb4 44. Bd5 Rc5 45. Nxe5 Rxd5 46. exd5 Qd6
47. f4 b4 48. Nc4 Qxd5 49. Ra1 Qf5 0-1

[Event "Forcing Moves First Summer-2 op"]
[Site "Mississauga CAN"]
[Date "2023.08.26"]
[Round "3.5"]
[White "Lin, Yu-Liang"]
[Black "Trofimov-Malyshkin, Valentyn"]
[Result "0-1"]
[WhiteElo "1594"]
[BlackElo "2006"]
[PlyCount "80"]
[EventDate "2023.08.26"]
[EventType "swiss"]
[EventRounds "5"]
[EventCountry "CAN"]

1. c4 c5 2. Nc3 b6 3. e3 Nf6 4. d4 e6 5. Nf3 Bb7 6. Bd3 d5 7. O-O Nbd7 8. Re1
Ne4 9. Nd2 Nxd2 10. Bxd2 Ba6 11. Qa4 Bxc4 12. Bxc4 dxc4 13. Qxc4 Be7 14. d5
exd5 15. Nxd5 O-O 16. Bc3 Nf6 17. Rad1 Nxd5 18. Rxd5 Qc8 19. Red1 Qe6 20. Qa4
f6 21. h4 a5 22. a3 Rfd8 23. e4 Rd6 24. g3 Rad8 25. Rxd6 Rxd6 26. Rxd6 Qxd6 27.
Qe8+ Bf8 28. e5 fxe5 29. Bxe5 Qd1+ 30. Kg2 Qd5+ 31. f3 b5 32. Bc3 b4 33. Be1
Qb3 34. axb4 Qxb2+ 35. Kh3 axb4 36. g4 Qf6 37. Kg3 Qe7 38. Qxe7 Bxe7 39. Kf4 b3
40. Bc3 Bf6 0-1